000 01469cam a22002174a 4500
005 20250605164040.0
008 250528s ||||||||||||||||||||||||d
035 _a16955
020 _a70178445
040 _aGR-AtMCL
_bgre
_dGR-AtMCL
_eAACR2
245 1 _aMacroeconomics / Sixth Edition
250 _a6th
260 _bMcgraw Hill, Inc,
_c1994
300 _a680
520 _aPreface, Introducing the Economy: Facts and First Models, Introduction, National Income Accounting, Income and Spending, Money and Interest and Income, Monetary and Fiscal Policy, International Linkages, Aggragate Demand and Supply and Growth, Aggragate Demand and Supply: An Introduction, Aggragate Supply: Wages and Prices and Employment, The Rational Expectations Equilibrium Approach, Long-Term Growth and Productivity, Behavioral Foundations, Consumption and Saving, Investment Spending, The Demand for Money, The Fed and Money and Credit, Stabilization Policy: Prospects and Problems, Inflation and Unemployment and Budget Deficits and International Adjustments, The Dynamic of Inflation and Unemployment, The Tradeoffs Between Inflation and Unemployment, Money and Deficits and Inflation: Evidence and Policy Issues, Budget Deficits and the Public Debt, International Adgustment and Interdependence, Guide to Operation for PC-Macroeconomics, Index.
700 1 _aDornbusch Rudiger
_91655
700 1 _aFischer Stanley
_91656
942 _cBK
999 _c2398
_d2398